| 000 | 00479cam a2200181ua 4500 | ||
|---|---|---|---|
| 020 | _c225.00 | ||
| 041 |
_aeng _h |
||
| 082 |
_a511.33 _bKHA/LA |
||
| 100 | _aKhanna, Vijay K . | ||
| 245 |
_aLattices and Boolean algebra ( first concepts) / _cKhanna Vijay K. _hTextual Documents |
||
| 250 |
_a1 / _b. |
||
| 260 |
_aNew Delhi : _bVikas publishing house pvt ltd , _c1994. |
||
| 300 | _a148 ; . | ||
| 365 | _a225.00 | ||
| 504 | _a | ||
| 942 | _cBK | ||
| 999 |
_c9629 _d9629 |
||